Cultura 311+ : Pla de Drets Culturals de la Diputació de Barcelona : Pla estratègic de l'Àrea de Cultura 2024-2027 Pla estratègic de l'Àrea de Cultura 2024-2027
Descripción Física:
101 pàg. ; il·lustracions color ; 30 cm.
Materias:
Barcelona (Catalunya : Província). -- Àrea de Cultura -- Planificació
; Planificació estratègica
Idioma:
Catalán
MARC
| LEADER | 00000nam a22000007a 4500 | ||
|---|---|---|---|
| 001 | 28786 | ||
| 003 | AGDB | ||
| 005 | 20260324181529.0 | ||
| 008 | 250409b spa||||| |||| 00| 0 cat d | ||
| 017 | |a B 22788-2024 | ||
| 040 | |a agdb |b cat | ||
| 245 | |a Cultura 311+ : Pla de Drets Culturals de la Diputació de Barcelona : |b Pla estratègic de l'Àrea de Cultura 2024-2027 | ||
| 260 | |a Barcelona : |b Diputació de Barcelona ; |c 2024 | ||
| 300 | |a 101 pàg. ; |b il·lustracions color ; |c 30 cm. | ||
| 610 | 1 | 0 | |a Barcelona (Catalunya : Província). |b Àrea de Cultura |x Planificació |9 71965 |
| 650 | 0 | |a Planificació estratègica |2 Arxiu |9 45108 | |
| 710 | 1 | |a Barcelona (Catalunya : Província). |b Àrea de Cultura |9 53536 | |
| 856 | 4 | 0 | |u https://www.diba.cat/documents/d/drets-culturals/cultura311-_pla_drets_culturals_diba_web |y Accés lliure (portal de l'Àrea de Cultura de la Diputació de Barcelona) |
| 942 | |2 udc |c ARXIU |n 1 | ||
| 952 | |0 0 |1 0 |4 0 |6 BIB1265 |7 1 |9 97935 |a Arxiu |b Arxiu |d 2025-04-09 |l 0 |o Bib-1265 |p 28786 |r 2025-04-09 00:00:00 |w 2025-04-09 |y ARXIU | ||
| 999 | |c 129730 |d 129730 | ||